[Event "Orense op 9th"]
[Site "Orense"]
[Date "2000.07.13"]
[Round "6"]
[White "Pena Torres, Jose Carlos"]
[Black "Bueno Abalo, Manuel"]
[Result "0-1"]
[WhiteElo "2084"]
[BlackElo "2230"]
[PlyCount "58"]
[EventDate "2000.07.08"]
[EventType "swiss"]
[EventRounds "9"]
[EventCountry "ESP"]
[SourceTitle "EXT 2001"]
[Source "ChessBase"]
[SourceDate "2000.11.22"]
[SourceVersion "1"]
[SourceVersionDate "2000.11.22"]
[SourceQuality "1"]

1. e4 c5 2. Nf3 Nc6 3. d4 cxd4 4. Nxd4 Nf6 5. Nc3 e5 6. Ndb5 d6 7. Nd5 Nxd5 8. exd5 Ne7 9. c3 Nf5 10. a4 g6 11. Be2 Bg7 12. 0-0 0-0 13. Bg4 a6 14. Na3 Ne7 15. Bxc8 Rxc8 16. Qb3 Qc7 17. Be3 f5 18. Bb6 Qd7 19. f4 exf4 20. Rxf4 Be5 21. Rc4 f4 22. Rxc8 Nxc8 23. Bf2 f3 24. Qc4 fxg2 25. Kxg2 Qf5 26. Rf1 Qf3+ 27. Kg1 Ne7 28. Nc2 Rf4 29. Bg3 Qxg3+ 0-1

[Event "Orense op 9th"]
[Site "Orense"]
[Date "2000.07.10"]
[Round "3"]
[White "Bueno Abalo, Manuel"]
[Black "Del Rey, Diego"]
[Result "1-0"]
[WhiteElo "2230"]
[BlackElo "2382"]
[PlyCount "85"]
[EventDate "2000.07.08"]
[EventType "swiss"]
[EventRounds "9"]
[EventCountry "ESP"]
[SourceTitle "EXT 2001"]
[Source "ChessBase"]
[SourceDate "2000.11.22"]
[SourceVersion "1"]
[SourceVersionDate "2000.11.22"]
[SourceQuality "1"]

1. e4 c5 2. Nf3 d6 3. Bb5+ Bd7 4. Bxd7+ Qxd7 5. 0-0 Nc6 6. c4 g6 7. Nc3 Bg7 8. d3 e6 9. Be3 Nd4 10. Bxd4 cxd4 11. Nb5 e5 12. Qa4 Ke7 13. Qa5 b6 14. Qa6 Nf6 15. a4 Ne8 16. a5 Nc7 17. Nxc7 Qxc7 18. axb6 Qxb6 19. b4 Rhb8 20. b5 Qc7 21. Nd2 Rb6 22. Qa2 Kf8 23. f4 exf4 24. Rxf4 Be5 25. Rff1 d5 26. Nf3 dxc4 27. Qxc4 Qxc4 28. dxc4 Bf4 29. Kh1 Kg8 30. Nxd4 Be5 31. Rad1 Bxd4 32. Rxd4 Rc8 33. Kg1 a6 34. Rd7 f6 35. bxa6 Rxa6 36. Rb1 f5 37. Rbb7 h5 38. Rg7+ Kh8 39. exf5 gxf5 40. Rg5 Re6 41. Rxf5 Kg8 42. Rg5+ Kh8 43. Rb3 1-0

[Event "Lalin op"]
[Site "Lalin"]
[Date "2000.??.??"]
[Round "9"]
[White "Bueno Abalo, Manuel"]
[Black "Corona Garcia, Tomas"]
[Result "1-0"]
[WhiteElo "2217"]
[BlackElo "2161"]
[PlyCount "59"]
[EventDate "2000.??.??"]
[EventType "swiss"]
[EventRounds "9"]
[EventCountry "ESP"]
[SourceTitle "EXT 2001"]
[Source "ChessBase"]
[SourceDate "2000.11.22"]
[SourceVersion "1"]
[SourceVersionDate "2000.11.22"]
[SourceQuality "1"]

1. e4 e5 2. Nf3 Nc6 3. Bc4 d6 4. 0-0 Bg4 5. h3 Bh5 6. c3 Be7 7. Re1 Nf6 8. d3 Qd7 9. Nbd2 Na5 10. Bb3 Nxb3 11. axb3 0-0 12. Nf1 a6 13. g4 Nxg4 14. hxg4 Qxg4+ 15. Ng3 f5 16. exf5 d5 17. Ra4 Qxf3 18. Nxh5 Qxf5 19. Be3 d4 20. Ng3 Qd7 21. cxd4 b5 22. Ra1 exd4 23. Bd2 Bd6 24. Qh5 g6 25. Qd5+ Qf7 26. Qxf7+ Rxf7 27. Kg2 Bxg3 28. fxg3 Kg7 29. Re4 Raf8 30. Bf4 1-0

[Event "Lalin op"]
[Site "Lalin"]
[Date "2000.??.??"]
[Round "7"]
[White "Bueno Abalo, Manuel"]
[Black "De la Fuente Mayan, Alfredo"]
[Result "0-1"]
[WhiteElo "2217"]
[BlackElo "2159"]
[PlyCount "166"]
[EventDate "2000.??.??"]
[EventType "swiss"]
[EventRounds "9"]
[EventCountry "ESP"]
[SourceTitle "EXT 2001"]
[Source "ChessBase"]
[SourceDate "2000.11.22"]
[SourceVersion "1"]
[SourceVersionDate "2000.11.22"]
[SourceQuality "1"]

1. e4 c5 2. Nf3 Nc6 3. Bb5 e6 4. 0-0 Nge7 5. c3 a6 6. Ba4 b5 7. Bc2 Bb7 8. d4 cxd4 9. Nxd4 Ng6 10. f4 Be7 11. Be3 0-0 12. Qh5 Qc7 13. f5 Nge5 14. Nxc6 Bxc6 15. Nd2 Bb7 16. Bd4 Bf6 17. Kh1 Rae8 18. Bxe5 Bxe5 19. f6 Bxf6 20. Rxf6 gxf6 21. e5 f5 22. Nf3 f6 23. exf6 d5 24. Ng5 Qd7 25. Re1 Rxf6 26. Nxh7 Rf7 27. Qg5+ Kh8 28. Nf6 Rxf6 29. Qxf6+ Qg7 30. Qh4+ Kg8 31. Re3 f4 32. Re2 e5 33. Qh5 Bc6 34. Bg6 Re6 35. Bf5 Re7 36. Qh3 Qf6 37. Kg1 Qg5 38. Be6+ Kg7 39. Rd2 e4 40. Qg4 Qxg4 41. Bxg4 Kf6 42. Rd1 b4 43. Be2 bxc3 44. bxc3 Ke5 45. Rb1 Rc7 46. Bxa6 Ba4 47. Rc1 Ra7 48. Be2 Rb7 49. h4 Rb2 50. Kf1 Rxa2 51. h5 Kf5 52. Rb1 Bc2 53. Rc1 Kg5 54. Ke1 Rb2 55. Kf1 Ra2 56. Ke1 Bd3 57. Bxd3 exd3 58. Rd1 Re2+ 59. Kf1 Re3 60. Kf2 Kxh5 61. Ra1 Kg4 62. Ra4 Re2+ 63. Kf1 Re4 64. Ra2 Kg3 65. Rf2 Re3 66. Rd2 Kg4 67. Ra2 Re2 68. Ra4 Rc2 69. Rd4 Rxc3 70. Rxd5 Rc1+ 71. Kf2 Rc2+ 72. Kf1 d2 73. Ke2 Ra2 74. Rd8 d1Q+ 75. Kxd1 Rxg2 76. Ke1 Kf3 77. Rd3+ Ke4 78. Ra3 Rb2 79. Ra4+ Kf3 80. Kf1 Kg4 81. Ra8 Rb3 82. Ra1 Kg3 83. Rc1 Rb2 0-1